000 00246nam a2200109Ia 4500
008 200302s9999 xx 000 0 und d
100 _aMechelle Galindo
245 _aResort Design
260 _bBraun Publishing AG
260 _c2012
300 _a269
999 _c3397
_d3397